Statistics for 1960s Movie Trivia

Click here to take the quiz!

General Stats

  • This quiz has been taken 10,132 times
  • The average score is 15 of 20

Answer Stats

Question Answer % Correct
In what country did "The Sound of Music" take place?Austria
94%
Who directed "Psycho"?Alfred Hitchcock
92%
What Disney movie featured a boy, a bear, an orangutan, and an evil tiger
named Shere Khan?
The Jungle Book
92%
What criminal duo was portrayed by Warren Beatty and Faye Dunaway?Bonnie and Clyde
87%
On what planet did the events of "The Planet of the Apes" take place?Earth
87%
What model of car was Herbie?VW Beetle
86%
What movie featured the quote "Mrs Robinson, you're trying to seduce me"?The Graduate
83%
Who starred as Cleopatra?Elizabeth Taylor
82%
What genre of films were directed by Sergio Leone?{Spaghetti} Western
81%
What famous musician starred in "Blue Hawaii"?Elvis Presley
79%
What movie star was known as "The Duke"?John Wayne
69%
Fill in the blank: What we have here is failure to ________Communicate
66%
Who was the father of Rosemary's baby?The Devil
64%
Who starred as Atticus Finch in "To Kill a Mockingbird"?Gregory Peck
63%
What gang battled against the Sharks in "West Side Story"?The Jets
63%
In the movie "The Pink Panther", what was the Pink Panther?a Diamond
62%
What movie, starring Audrey Hepburn, was based on "Pygmalion"?My Fair Lady
56%
Who had a henchman named Oddjob?Auric Goldfinger
55%
What substance did the Absent-Minded Professor invent?Flubber
54%
What Italian directed "La Dolce Vita" and "8½"?Federico Fellini
37%

Score Distribution

Percentile by Number Answered

Percent of People with Each Score

Your Score History

You have not taken this quiz